000 00774nam a2200193Ia 4500
008 151121s9999||||xx |||||||||||||| ||und||
082 _a900/भिडे
082 _bHNW-5258
100 _aभिडे रामकृष्ण गोपाळ
245 _aहिन्दुमहासभेचा इतिहास
260 _b"मॉडर्न बुक डेपो, प्रकाशन, पुणे।"
260 _c--
300 _a235
600 _aभिडे रामकृष्ण गोपाळ
630 _aहिन्दुमहासभेचा इतिहास
700 _aभिडे रामकृष्ण गोपाळ
730 _aहिन्दुमहासभेचा इतिहास
942 _cBOOK
999 _c1213156
_d1213153